Mechanický model ľudskej chrbtice v MKP

Uložené v:
Podrobná bibliografia
Hlavný autor: Tješšová, Mária (Autor)
Ďalší autori: Sokol, Milan (Vedúci práce)
Médium: Rukopis Kniha
Jazyk:Slovak
Vydavateľské údaje: 2018
Predmet:
On-line prístup:http://is.stuba.sk/zp/portal_zp.pl?podrobnosti=120085
Tagy: Pridať tag
Žiadne tagy, Buďte prvý, kto otaguje tento záznam!

MARC

LEADER 00000ntm a22000003a 4500
001 stuzp49135
003 SK-STU
005 20180825210359.6
007 ta
008 150427s2015----xo-----f-mn---000-0-slo-d
040 |a STU  |b slo 
041 0 |a slo 
100 1 |a Tješšová, Mária  |u 010220  |4 aut  |U SvF Stavebná fakulta  |T SvF Katedra matematiky a deskriptívnej geometrie  |X 67678  |U V220  |Y 23  |7 A000067678 
242 0 1 |a Mechanical model of human spine in finite element method  |y eng 
245 1 0 |a Mechanický model ľudskej chrbtice v MKP 
260 |c 2018 
650 4 |a geometria chrbtice  |2 slo 
650 4 |a ľudská chrbtica  |2 slo 
650 4 |a napät’ová analýza  |2 slo 
650 4 |a mechanický model  |2 slo 
650 4 |a metóda konečných prvkov  |2 slo 
650 4 |a mechanical model  |2 eng 
650 4 |a spine geometry  |2 eng 
650 4 |a finite element method  |2 eng 
650 4 |a human spine  |2 eng 
650 4 |a stress analysis  |2 eng 
700 1 |a Sokol, Milan  |u 010250  |k Z1  |4 ths  |U SvF Stavebná fakulta  |T SvF Katedra stavebnej mechaniky  |X 687  |U V250  |Y 26  |7 A000000687 
856 4 |u http://is.stuba.sk/zp/portal_zp.pl?podrobnosti=120085 
996 |b 284V041450  |c V* 3413/DP-1343  |l VVS  |s P  |a 0  |w stuzp49135_0001